000 00311nam a22001337a 4500
008 180202b xxu||||| |||| 00| 0 eng d
020 _a0122281020
041 _aeng
080 _a610
100 _a4
101 _aSHM
245 _aStaphylococci and Staphylococcal Infections
_cEsmon, C.S.F
942 _2udc
_cBK
999 _c41608
_d41608